000 00687nam a22001937a 4500
003 LK-CoDNM
005 20241129150617.0
008 241129b |||||||| |||| 00| 0 eng d
040 _aLK-CoDNM
_dLK-CoDNM
_eLK-CoDNM
041 _asin
080 _a294.38
_bSHI
100 _aපූජ්‍ය පණ්ඩිත මාතර ශ්‍රී ධම‍ර්‍වංශ හිමි
245 _aසිංහල විශුද්ධා මාර්‍ගය-1968
260 _aමාතර
_bසීමා සහිත මාතර වෙළෙන්දෝ මුද්‍රණාලය
_c1968
300 _b280p. ; 24 cm
650 _a1968
650 _aBuddhism
942 _cBK
999 _c232908
_d232908